000 00841nab a2200241u 4500
001 13027
003 HDC
007 c| |||a|c|aaaa
008 210211b99999999my ||||o |||| 00| 0 eng d
040 _aHDC
100 _aPitsinee Jitpleecheep /
_eauthor
_913874
245 0 _aPFP eyes base in Malaysia to enter world halal market /
_cPitsinee Jitpleecheep
336 _atext
_2rdacontent
337 _acomputer
_2rdamedia
338 _aonline resource
_2rdacarrier
650 _aPacific Fish Processing Co (PFP)
_913875
650 _aSimpee Huat Frozen Food Sdn Bhd
_913876
710 _aBangkok Post
856 _zRequest full-text at [email protected]
942 _2lcc
942 _cNEWS
942 _kNWS0 003403
999 _c10343
_d10343